00578nam a2200157 a 450000100100000000500170001000800410002704000250006810000260009324500410011926000500016030000200021004900090023095201640023999900170040300003137220200930062902.0110620s1940 dr 000 0 spa d aDO-SdBNPbspacBNPHU1 aOscar, Armando92426914aUna novela trunca /cAramando Oscar. aSanto Domingo :bEditora de Cervantes,c1940. a72 p. ;c14 cm. aBNPD 0010718PDaPDbPDcCTd2011-06-20iLF1l0o p31372-10r2020-06-25w2020-06-25yLFPDzPerteneció a la biblioteca personal de Martínez Boog.ZNo se presta c30864d30864